000 00373nam a2200157Ia 4500
005 20250423094243.0
008 250422s9999 xx 000 0 und d
020 _a0- 9639564- 1- 8
050 _aHG 6024.3 .G85/
245 2 _aA guide to the derivatives market
260 _aNew York
260 _bBookmasters, inc.
260 _c1994
300 _a226 p
942 _cBK
999 _c26717
_d26717